000 00843nas a22002297a 4500
005 20260525165446.0
008 260525b19931993porm||p|||||| 00| z0por d
040 _cBR-ViAPE
245 _aEspírito Santo Sol
260 _aVitória
_bSol Editora e Comunicação Ltda
_c1993
300 _av.
_bil.
310 _aMensal
362 _aAno 11, n. 119 (nov. 1993) - ano 11, n. 120 (dez. 1993).
500 _aDisponibilizada apenas a imagem da capa na versão digital, em virtude de restrições de direitos autorais.
500 _aColeção incompleta: disponíveis apenas alguns números do periódico.
650 _2Turísmo
_xEventos
_xMapas
_zEspírito Santo
651 _aEspírito Santo (Brasil)
_vPeriódicos
700 _aCots, Marcelo
_eDiretor
710 _aSol Editora e Comunicação Ltda
942 _2ddc
_cPER
_n1
999 _c711
_d711